000 00319nam a2200133Ia 4500
008 100328s9999 xx 000 0 und d
082 _b8428
100 _aJohn Crompton
245 _aWays Of The Ant
260 _bThe Scientific Book Club
630 _aWays Of The Ant
730 _aWays Of The Ant
942 _cBOOK
999 _c504208
_d504205